Asia Geography- A - Statistics

General Stats
  • This quiz has been taken 37 times
  • The average score is 16 of 25
Answer Stats
Hint Answer % Correct
15) Capital of Turkey Ankara
100%
9) Country called the "graveyard of empires" Afghanistan
97%
20) The Kardashian family traces their roots to this country Armenia
97%
5) Baku is its capital Azerbaijan
94%
17) Capital of the United Arab Emirates Abu Dhabi
92%
2) The Taj Mahal is located in this Indian city Agra
92%
18) Capital of Jordan Amman
92%
14) Mountain in eastern Turkey said to be the landingsite of Noahs ark Ararat
89%
3) Cold capital of Kazakhstan, formerly Nur-Sultan Astana
83%
22) Gulf between Yemen, Djibouti and Somalia Aden
81%
11) Famous Hindu-Buddhist temple in Cambodia Angkor Wat
81%
4) Capital of Turkmenistan Ashgabat
78%
16) Largest city in Kazakhstan Almaty
72%
12) This dried sea was located on the Kazakhstan-Uzbekistan border Aral
72%
8) Large city in the Luzon region of thePhilippines, shares a name with the biggest city in California Angeles
69%
1) Large, vast desert in Saudi Arabia Arabian
69%
21) Biggest city in the Gujarat state of India Ahmedabad
61%
7) Large resort city on the southern coastof central Turkey, the 5th biggest Antalya
58%
10) Chain of islands between India and Myanmarin the Bay of Bengal Andaman
50%
13) Mountain range stretching thru western Mongolia, China, Kazakhstan and Russia Altai
33%
19) Small Sea between western New Guinea andthe Australian coast Arafura
33%
6) Ancient city on the Mediterraneancoast of southern Israel Ashkelon
17%
24) Hefei is the capital of this eastern China province Anhui
14%
23) Dome of the Rock Mosque is located in this Islamiccompound in Jerusalem atop Temple Mount Al Aqsa
11%
25) Large city on the Caspian Sea side of Kazakhstan onthe Europe-Asia border Atyrau
8%
No matching quizzes found
Score Distribution
Percent of People with Each Score
Percentile by Number Answered
Your Score History
You have not taken this quiz